| Tag |
First Indicator |
Second Indicator |
Subfields |
| LEADER |
00000cam a2200000 a 4500 |
| 001 |
in00000092788 |
| 005 |
20150923173246.0 |
| 008 |
800415s1978 nyua b 10010 eng d |
| 010 |
|
|
|a 76004401
|
| 035 |
|
|
|a (OCoLC)06207446
|
| 035 |
|
|
|9 AAK7792AM
|
| 040 |
|
|
|a CUS
|c CUS
|d m.c.
|d TXA
|d UtOrBLW
|
| 049 |
|
|
|a TXAM
|c [388800]
|
| 090 |
|
|
|a TK5
|b I25 1978c
|
| 110 |
2 |
|
|a IEEE Power Engineering Society.
|
| 245 |
1 |
0 |
|a Discussions and closures of abstracted papers from the summer meeting :
|b Los Angeles, California, July 16-21, 1978.
|
| 264 |
|
1 |
|a New York :
|b Institute of Electrical and Electronics Engineers,
|c [1978]
|
| 264 |
|
4 |
|c ©1978
|
| 300 |
|
|
|a 136 pages in various pagings :
|b illustrations ;
|c 28 cm.
|
| 336 |
|
|
|a text
|b txt
|2 rdacontent
|
| 337 |
|
|
|a unmediated
|b n
|2 rdamedia
|
| 338 |
|
|
|a volume
|b nc
|2 rdacarrier
|
| 500 |
|
|
|a "78 CH1362-3-PWR."
|
| 500 |
|
|
|a Spine and cover title: IEEE 1978 PES summer meeting discussions and closures.
|
| 504 |
|
|
|a Includes bibliographical references.
|
| 650 |
|
0 |
|a Electrical engineering
|v Congresses.
|
| 650 |
|
0 |
|a Electric power
|v Congresses.
|
| 740 |
0 |
|
|a IEEE 1978 PES summer meeting discussions and closures.
|
| 999 |
|
|
|a MARS
|
| 999 |
f |
f |
|s 8f89c1fb-e69c-37a5-a5fb-3c8d6326b604
|i 293dbfc4-432f-3323-885e-880671ff9dc7
|t 0
|
| 952 |
f |
f |
|p ric
|a Texas A&M University
|b Rellis Campus
|c Joint Library Facility
|d Remote Storage
|t 0
|e TK5 I25 1978c
|h Library of Congress classification
|i unmediated -- volume
|m A14806006645
|
| 998 |
f |
f |
|a TK5 I25 1978c
|t 0
|l Remote Storage
|